| 000 | 00443nam a22001697a 4500 | ||
|---|---|---|---|
| 003 | OSt | ||
| 005 | 20250704155755.0 | ||
| 007 | 95 P | ||
| 040 | _cLC | ||
| 050 |
_aBV 3562 .K73 R53 1973 _b1 |
||
| 100 | _aRICHARDS, C. G. | ||
| 245 | 0 | _aJOHANN LUDWIG KRAPF: MMISIONARI, MTAALAMU NA MVUMBUZI | |
| 260 |
_aNAIROBI, _bEMBASSY OF THE FEDERAL REPUBLIC OF GERMANY _c1973, |
||
| 300 | _a95 P | ||
| 650 | _aMissionary work- Kenya | ||
| 942 |
_cBK _2lcc _n0 |
||
| 999 |
_c67651 _d67651 |
||